| 000 | 00621nam a2200229Ia 4500 | ||
|---|---|---|---|
| 003 | OSt | ||
| 005 | 20220924114416.0 | ||
| 006 | a|||||r|||| 00| 0 | ||
| 007 | ta | ||
| 008 | 220923b |||||||| |||| 00| 0 kan d | ||
| 024 | _a350272 | ||
| 037 | _cTextual | ||
| 040 |
_aARTS _cARTS _bkan |
||
| 041 |
_2kan _akan |
||
| 082 | _aO33:gx, N7 | ||
| 100 |
_aVidyashankar S Au. _9173383 |
||
| 245 | 0 | _aNelada mareya nidhana | |
| 260 |
_aBangalore _bVijayanagar IIstage India _c1997 |
||
| 650 | _aKANNAD LITERATURE | ||
| 942 |
_hO33:gx, N7 _cTEXL _2CC |
||
| 999 |
_c393404 _d393404 |
||